Index S&P 500 sa mení príliš často

Index S&P 500 sa opäť menil. Pôvodne do neho patrila spoločnosť R. R. Donnelley & Sons Co., no od približne polovice decembra namiesto nej figuruje spoločnosť Garmin Ltd. Dôvodom zmeny bol dlhodobý pokles ceny akcií spoločnosti R.R. Donnelley & Sons Co. čo spôsobilo, že už nie je dostatočne repreze...

Full description

Saved in:
Bibliographic Details
Main Author: Kmeťko, Miroslav, 1969-
Other Authors: Polednáková, Anna, 1957-
Format: Book Chapter
Language:Slovak
Subjects:
Tags: Add Tag
No Tags, Be the first to tag this record!

MARC

LEADER 00000nla a2200000 4500
001 0174369
005 20240502072955.5
041 0 |a slo 
044 |a SK 
245 1 0 |a Index S&P 500 sa mení príliš často  |c Miroslav Kmeťko, Anna Polednáková 
520 |a Index S&P 500 sa opäť menil. Pôvodne do neho patrila spoločnosť R. R. Donnelley & Sons Co., no od približne polovice decembra namiesto nej figuruje spoločnosť Garmin Ltd. Dôvodom zmeny bol dlhodobý pokles ceny akcií spoločnosti R.R. Donnelley & Sons Co. čo spôsobilo, že už nie je dostatočne reprezentatívna pre to, aby bola zaradená do indexu S&P 500. Spoločnosť S&P Dow Jones Indices ju preto preradila do indexu S&P MidCap 400. 
610 2 0 |a trh kapitálový 
610 2 0 |a akcie 
610 2 0 |a indexy 
100 1 |a Kmeťko, Miroslav, 1969- 
700 1 |a Polednáková, Anna, 1957-